Violencia familiar y mujeres golpeadas.
Origen de la violencia. Violencia conyugal, violación marital. Refugios. Asistencia social. Reportajes a distintos profesionales relacionados con el tema.
Guardado en:
| Formato: | |
|---|---|
| Series: | Educable
|
| Materias: | |
| Etiquetas: |
Agregar Etiqueta
Sin Etiquetas, Sea el primero en etiquetar este registro!
|
| LEADER | 00893ngm a22002415g 4500 | ||
|---|---|---|---|
| 001 | CEM.cems022340 | ||
| 008 | 130507b1998##################0###0#####d | ||
| 005 | 20241029150210.0 | ||
| 245 | 0 | 0 | |a Violencia familiar y mujeres golpeadas. |
| 300 | |a 28'. | ||
| 490 | 0 | |a Educable | |
| 500 | |a En soporte VHS, consultar en ventanilla. | ||
| 538 | |a Soporte: VHS - Norma: Pal N - Color: Si - Grabación DRD 1998 - Hitachi=5013 | ||
| 520 | |a Origen de la violencia. Violencia conyugal, violación marital. Refugios. Asistencia social. Reportajes a distintos profesionales relacionados con el tema. | ||
| 082 | 3 | 6 | |/ MUN |
| 653 | |a PSICOLOGIA SOCIAL | ||
| 653 | |a VIOLENCIA FAMILIAR | ||
| 653 | |a MUJER GOLPEADA | ||
| 653 | |a VIOLACION | ||
| 653 | |a ASISTENCIA SOCIAL | ||
| 653 | |a NIVEL PRIMARIO | ||
| 653 | |a NIVEL SECUNDARIO | ||
| 859 | |a CEMS |b BIB. CEMS - Depto. Recursos Didacticos |h 361 |i MUN |k DRD |p 983.12 |t Ej.1 | ||
